Welcome to CU Library Online Public Access Catalogue (OPAC)

Drafting commercial agreements / (Record no. 630)

MARC details
000 -LEADER
fixed length control field 00793cam a2200229 i 4500
001 - CONTROL NUMBER
control field 19424025
005 - DATE AND TIME OF LATEST TRANSACTION
control field 20241105122626.0
008 - FIXED-LENGTH DATA ELEMENTS--GENERAL INFORMATION
fixed length control field 161102s2016 enkk 001 0 eng d
020 ## - INTERNATIONAL STANDARD BOOK NUMBER
International Standard Book Number 9789381082522 (hardback)
050 00 - LIBRARY OF CONGRESS CALL NUMBER
Classification number KD1629 / KF889.3
Item number .C47 2016 / .C46 2016
100 1# - MAIN ENTRY--PERSONAL NAME
Personal name Christou, Richard,
Relator term author.
245 10 - TITLE STATEMENT
Title Drafting commercial agreements /
Statement of responsibility, etc. Richard Christou, solicitor (M.A. Cantab.).
250 ## - EDITION STATEMENT
Edition statement Fifth edition.
260 ## - PUBLICATION, DISTRIBUTION, ETC.
Place of publication, distribution, etc. London
Name of publisher, distributor, etc. Sweet & Maxwell
Date of publication, distribution, etc. c2016
300 ## - PHYSICAL DESCRIPTION
Extent lxviii, 915 pages :
Other physical details index, forms
Dimensions 24 cm
500 ## - GENERAL NOTE
General note Includes index.
650 #0 - SUBJECT ADDED ENTRY--TOPICAL TERM
Topical term or geographic name entry element Contracts
Geographic subdivision Great Britain.
650 #0 - SUBJECT ADDED ENTRY--TOPICAL TERM
Topical term or geographic name entry element Contracts
Geographic subdivision European Union countries.
650 #0 - SUBJECT ADDED ENTRY--TOPICAL TERM
Topical term or geographic name entry element Commercial law
Geographic subdivision Great Britain.
650 #0 - SUBJECT ADDED ENTRY--TOPICAL TERM
Topical term or geographic name entry element Commercial law
Geographic subdivision European Union countries.
942 ## - ADDED ENTRY ELEMENTS (KOHA)
Source of classification or shelving scheme Library of Congress Classification
Koha item type Books
Edition 5th ed.
Suppress in OPAC No
999 ## -
-- 630
-- 630
Holdings
Withdrawn status Lost status Source of classification or shelving scheme Damaged status Not for loan Collection Home library Current library Shelving location Date acquired Total checkouts Full call number Barcode Date last seen Copy number Price effective from Koha item type
    Library of Congress Classification     Non-fiction Law Library (Kumasi) Law Library (Kumasi) General stacks 05/05/2025   KF 889.C46 Chr LLK00000137 05/05/2025 2 05/05/2025 Books
    Library of Congress Classification     Non-fiction Law Library (Miotso) Law Library (Miotso) General stacks 11/05/2024   KF889.3.C46 CHR llm00000584 11/05/2024 1 11/05/2024 Books
© 2023-2024 Copyright: Central University Libraries. All Rights Reserved | Created by: Mahone Tech Office